[Event "Championnat de France - Accession"]
[Site "NANCY"]
[Date "2013.08.14"]
[Round "3.7"]
[White "Lazarev, Vladimir"]
[Black "Di Nicolantonio, Lucas"]
[Result "0-1"]
[WhiteElo "2410"]
[BlackElo "2310"]
[PlyCount "102"]
[EventDate "2013.??.??"]

1. d4 d5 2. c4 e6 3. Nf3 Nf6 4. g3 dxc4 5. Qa4+ Nbd7 6. Bg2 a6 7. Nc3 Rb8 8.
Qxc4 b5 9. Qd3 Bb7 10. O-O c5 11. Bf4 Rc8 12. dxc5 Bxc5 13. Ne5 Bxg2 14. Kxg2
Nxe5 15. Qxd8+ Kxd8 16. Bxe5 Ke7 17. Rfd1 Rhd8 18. Kf3 Bd6 19. Bxd6+ Rxd6 20.
Rxd6 Kxd6 21. Rd1+ Ke7 22. Rd2 Nd7 23. Rc2 Nb6 24. a3 Na4 25. e3 Nxb2 26. Nd5+
Kd8 27. Rxb2 exd5 28. a4 bxa4 29. Rb6 Ra8 30. Rb4 Kc7 31. Rxa4 a5 32. Ke2 Kb6
33. Kd3 Kb5 34. Ra2 a4 35. Rb2+ Kc5 36. Kc3 a3 37. Ra2 Ra4 38. Kb3 Kb5 39. Kc3
Rc4+ 40. Kb3 Rb4+ 41. Kc3 Ka4 42. Ra1 Rb3+ 43. Kd4 Rb2 44. Kxd5 Rxf2 45. Rc1
Kb3 46. Rc7 a2 47. Rb7+ Kc2 48. Rc7+ Kb1 49. Rb7+ Kc1 50. Rc7+ Rc2 51. Ra7 Rxh2
0-1

[Event "Championnat de France - Accession"]
[Site "NANCY"]
[Date "2013.08.14"]
[Round "3.8"]
[White "Devallee, Jeremie"]
[Black "Shirazi, Kamran"]
[Result "0-1"]
[WhiteElo "2096"]
[BlackElo "2406"]
[PlyCount "90"]
[EventDate "2013.??.??"]

1. e4 c5 2. d4 cxd4 3. c3 g6 4. Nf3 Bg7 5. Bc4 d6 6. cxd4 Nf6 7. Nc3 O-O 8. O-O
Nxe4 9. Nxe4 d5 10. Bd3 dxe4 11. Bxe4 Nc6 12. d5 Nb4 13. Qb3 Na6 14. Be3 Nc7
15. Rfd1 Ne8 16. Rac1 Nd6 17. Bb1 Bg4 18. Bd4 Bxd4 19. Rxd4 Rc8 20. Re1 Bxf3
21. Qxf3 Qb6 22. Rd2 Rc7 23. h4 Qb4 24. Rde2 Qxh4 25. g3 Qg5 26. Kg2 Rfc8 27.
Re5 Qf6 28. Qe2 Kf8 29. Qe3 Rc1 30. Rxc1 Rxc1 31. Qh6+ Qg7 32. Qg5 Rc7 33. Bd3
Qf6 34. Qh6+ Kg8 35. Qe3 Kg7 36. f4 b6 37. Kh3 Kf8 38. g4 h6 39. Kg3 Nc4 40.
Bxc4 Rxc4 41. b3 Rc2 42. a3 g5 43. fxg5 Qf1 44. gxh6 Rg2+ 45. Kh4 Rh2+ 0-1

[Event "Championnat de France - Accession"]
[Site "NANCY"]
[Date "2013.08.14"]
[Round "3.9"]
[White "Loiseau, Quentin"]
[Black "Mancini, Mario"]
[Result "1-0"]
[WhiteElo "2388"]
[BlackElo "2252"]
[PlyCount "53"]
[EventDate "2013.??.??"]

1. d4 Nf6 2. Nf3 e6 3. c4 b6 4. g3 Ba6 5. Qc2 Bb7 6. Bg2 c5 7. d5 exd5 8. cxd5
Nxd5 9. O-O Be7 10. Rd1 Nb4 11. Qf5 g6 12. Qf4 O-O 13. Qh6 Bc6 14. Nc3 Bf6 15.
Rd6 Bg7 16. Qh3 Qe7 17. Bf4 Nc2 18. Rad1 Nd4 19. e4 Na6 20. Nxd4 cxd4 21. Nd5
Bxd5 22. Rxd5 Qe6 23. e5 Rac8 24. R5xd4 Qxa2 25. Rxd7 Nc5 26. Rxf7 Rcd8 27.
Rxf8+ 1-0

[Event "Championnat de France - Accession"]
[Site "NANCY"]
[Date "2013.08.14"]
[Round "3.10"]
[White "Velten, Paul"]
[Black "Castro, John"]
[Result "1/2-1/2"]
[WhiteElo "2430"]
[BlackElo "2210"]
[PlyCount "95"]
[EventDate "2013.??.??"]

1. d4 Nf6 2. Nf3 g6 3. Bg5 Bg7 4. Nc3 d5 5. Bxf6 Bxf6 6. e4 dxe4 7. Nxe4 Bg7 8.
Qd2 O-O 9. O-O-O Qd5 10. Nc3 Qa5 11. Bc4 Bg4 12. Qf4 Bxf3 13. Qxf3 Nc6 14. Ne2
Qb6 15. c3 e5 16. d5 Na5 17. Bd3 f5 18. Bc2 Nc4 19. Bb3 Nd6 20. Kc2 a5 21. a4
Ne4 22. Rhf1 Nc5 23. Nc1 e4 24. Qe2 Qd6 25. Qc4 Kh8 26. g3 f4 27. Ne2 fxg3 28.
hxg3 Nd3 29. Rxd3 exd3+ 30. Qxd3 Qd7 31. Nf4 Qf5 32. Ne6 Qxd3+ 33. Kxd3 Rf7 34.
f4 Bf6 35. g4 Be5 36. Ng5 Rxf4 37. Rh1 Bd6 38. Rxh7+ Kg8 39. Rd7 Re8 40. Ne6
Rf7 41. Nxc7 Rxd7 42. Nxe8 Kf7 43. Nxd6+ Rxd6 44. Bc4 Ke7 45. b4 axb4 46. cxb4
Rf6 47. a5 Kd6 48. Ke3 1/2-1/2

[Event "Championnat de France - Accession"]
[Site "NANCY"]
[Date "2013.08.15"]
[Round "4.1"]
[White "Barbot, Pierre"]
[Black "Chabanon, Jean-Luc"]
[Result "0-1"]
[WhiteElo "2360"]
[BlackElo "2473"]
[PlyCount "34"]
[EventDate "2013.??.??"]

1. d4 d5 2. c4 c6 3. cxd5 cxd5 4. Nc3 Nc6 5. Bf4 e5 6. Bxe5 Nxe5 7. dxe5 d4 8.
Qa4+ b5 9. Nxb5 Bd7 10. Qa6 Bb4+ 11. Kd1 Rb8 12. a4 Nh6 13. Rc1 Ng4 14. Nc7+
Kf8 15. Nh3 Bf5 16. Rc6 Ne3+ 17. Kc1 Bd2+ 0-1

[Event "Championnat de France - Accession"]
[Site "NANCY"]
[Date "2013.08.15"]
[Round "4.2"]
[White "Di Nicolantonio, Lucas"]
[Black "Lagarde, Maxime"]
[Result "1/2-1/2"]
[WhiteElo "2310"]
[BlackElo "2526"]
[PlyCount "118"]
[EventDate "2013.??.??"]

1. e4 c5 2. c3 d5 3. exd5 Qxd5 4. d4 g6 5. Nf3 Bg7 6. Na3 cxd4 7. Bc4 Qd8 8.
O-O Nc6 9. cxd4 e6 10. Bf4 Nge7 11. Nb5 O-O 12. Bc7 Qd7 13. Ne5 Nxe5 14. Bxe5
a6 15. Nd6 Nc6 16. Re1 Rd8 17. Bb3 Nxe5 18. dxe5 Bxe5 19. Nxf7 Qxd1 20. Bxd1
Bxh2+ 21. Kxh2 Kxf7 22. Rc1 Rd6 23. Bb3 Rc6 24. Rcd1 Ke7 25. Re3 Bd7 26. Rh3 h5
27. Rg3 Be8 28. Re3 Bf7 29. Red3 Rc7 30. Rd6 a5 31. Ba4 Be8 32. Bxe8 Rxe8 33.
Rb6 Rd8 34. Rxd8 Kxd8 35. f4 Rc4 36. Rxe6 Rxf4 37. Rxg6 Rf2 38. Rb6 Kc7 39. Rb5
b6 40. Kg3 Rd2 41. a4 Rd4 42. b3 h4+ 43. Kh3 Kb7 44. Rf5 Rb4 45. Rb5 Rd4 46.
Rf5 Ka6 47. Rb5 Rd2 48. Rf5 Rb2 49. Rb5 Kb7 50. Kh2 Kc7 51. Kh3 Kc6 52. Kh2 Rb1
53. Kh3 Rh1+ 54. Kg4 Rh2 55. Kf3 h3 56. gxh3 Rxh3+ 57. Ke2 Rc3 58. Kd2 Rc5 59.
Rxc5+ Kxc5 1/2-1/2

[Event "Championnat de France - Accession"]
[Site "NANCY"]
[Date "2013.08.15"]
[Round "4.3"]
[White "Marzolo, Cyril"]
[Black "Loiseau, Quentin"]
[Result "1/2-1/2"]
[WhiteElo "2449"]
[BlackElo "2388"]
[PlyCount "80"]
[EventDate "2013.??.??"]

1. Nf3 Nf6 2. c4 c6 3. Qc2 d5 4. d3 Bf5 5. Nbd2 e6 6. Nh4 Bg6 7. g3 Be7 8. Nxg6
hxg6 9. Bg2 Nbd7 10. O-O Rc8 11. Rb1 b5 12. b4 c5 13. bxc5 bxc4 14. d4 O-O 15.
e4 Nb8 16. exd5 exd5 17. Bh3 Nc6 18. Nf3 Rb8 19. Rxb8 Qxb8 20. Qa4 Qe8 21. Qa6
Ne4 22. Qb7 f5 23. Ne5 Nxe5 24. dxe5 Bxc5 25. Qxd5+ Qf7 26. e6 Qe7 27. Qxc4 Re8
28. Kg2 Qxe6 29. Qxe6+ Rxe6 30. g4 Nxf2 31. gxf5 Ra6 32. a4 Nxh3 33. Kxh3 gxf5
34. Rxf5 Bb4 35. Bb2 Rxa4 36. Rf4 g6 37. Rf6 Be7 38. Rxg6+ Kf7 39. Rg4 Rxg4 40.
Kxg4 Kg6 1/2-1/2

[Event "Championnat de France - Accession"]
[Site "NANCY"]
[Date "2013.08.15"]
[Round "4.4"]
[White "Dionisi, Thomas"]
[Black "Roser, Kevin"]
[Result "1-0"]
[WhiteElo "2316"]
[BlackElo "2413"]
[PlyCount "57"]
[EventDate "2013.??.??"]

1. e4 c5 2. Nf3 e6 3. c3 Nf6 4. e5 Nd5 5. d4 cxd4 6. cxd4 d6 7. Bc4 Nc6 8. O-O
Be7 9. Qe2 O-O 10. Nc3 Nxc3 11. bxc3 dxe5 12. dxe5 Qa5 13. Bd2 Rd8 14. Rfd1 Qc7
15. Qe4 b6 16. Bd3 g6 17. Bh6 Bb7 18. Qf4 Rd5 19. Be4 Rc5 20. Rd2 Rd8 21. Rad1
Rc4 22. Ng5 Bxg5 23. Qxg5 Rxd2 24. Rxd2 Rxe4 25. f3 Re1+ 26. Kf2 f5 27. Qf6 Qe7
28. Qxe7 Nxe7 29. Rd8+ 1-0

[Event "Championnat de France - Accession"]
[Site "NANCY"]
[Date "2013.08.15"]
[Round "4.5"]
[White "Shirazi, Kamran"]
[Black "Navrotescu, Catalin"]
[Result "1/2-1/2"]
[WhiteElo "2406"]
[BlackElo "2363"]
[PlyCount "113"]
[EventDate "2013.??.??"]

1. Nf3 e6 2. g3 Nf6 3. Bg2 d5 4. O-O Be7 5. c4 dxc4 6. Qa4+ Nbd7 7. Qxc4 c5 8.
Rd1 a6 9. Qc2 Ra7 10. d4 b5 11. e4 O-O 12. Nc3 b4 13. d5 bxc3 14. d6 Bb7 15.
dxe7 Qxe7 16. Ng5 h6 17. Nh3 cxb2 18. Bxb2 e5 19. Rd2 Rc8 20. Re1 c4 21. Bc3
Nc5 22. f3 Bc6 23. Nf2 Ba4 24. Qb2 Rb7 25. Qa3 Rcb8 26. Bf1 Rb1 27. Rxb1 Rxb1
28. Bb4 c3 29. Bxc3 Bb5 30. Rd1 Rxd1 31. Nxd1 Bxf1 32. Kxf1 Qd7 33. Nf2 Qb5+
34. Kg2 Nfd7 35. Bd2 Qe2 36. Be3 Qc4 37. Qb2 Nd3 38. Nxd3 Qxd3 39. Qd2 Qxd2+
40. Bxd2 f6 41. Kf2 Kf7 42. Ke2 h5 43. Kd3 Ke6 44. Kc4 Kd6 45. Bb4+ Kc6 46. Be7
Nb6+ 47. Kb4 f5 48. Bf8 fxe4 49. fxe4 g6 50. Bg7 Nd7 51. Ka5 Kb7 52. Kb4 g5 53.
h3 g4 54. h4 Kc6 55. Ka5 Kb7 56. Kb4 Kc6 57. Ka5 1/2-1/2

[Event "Championnat de France - Accession"]
[Site "NANCY"]
[Date "2013.08.15"]
[Round "4.6"]
[White "Battaglini, Gabriel"]
[Black "Claverie, Christophe"]
[Result "1-0"]
[WhiteElo "2438"]
[BlackElo "2323"]
[PlyCount "39"]
[EventDate "2013.??.??"]

1. d4 Nf6 2. c4 g6 3. Nc3 Bg7 4. e4 d6 5. f3 O-O 6. Be3 c6 7. Qd2 a6 8. Bh6 b5
9. h4 Nbd7 10. O-O-O Bxh6 11. Qxh6 Qa5 12. h5 b4 13. Nb1 e5 14. Nh3 Nb6 15. Ng5
Ra7 16. c5 exd4 17. cxb6 Qxb6 18. Bc4 Qc5 19. Nd2 Re8 20. hxg6 1-0

[Event "Championnat de France - Accession"]
[Site "NANCY"]
[Date "2013.08.15"]
[Round "4.7"]
[White "Mullon, Jean-Baptiste"]
[Black "Saada, Julien"]
[Result "1-0"]
[WhiteElo "2411"]
[BlackElo "2321"]
[PlyCount "73"]
[EventDate "2013.??.??"]

1. e4 c6 2. Nc3 d5 3. Nf3 Bg4 4. h3 Bxf3 5. Qxf3 e6 6. d3 Nd7 7. Bd2 Ngf6 8. g4
h6 9. O-O-O Qb6 10. Qg3 d4 11. Ne2 Bb4 12. Bxb4 Qxb4 13. h4 e5 14. g5 hxg5 15.
Qxg5 Qe7 16. Bh3 Nh5 17. Bxd7+ Kxd7 18. Qd2 Qf6 19. Kb1 c5 20. c3 Rhc8 21. cxd4
cxd4 22. f4 Nxf4 23. Rhf1 Rc5 24. Nxf4 exf4 25. Rxf4 Qe7 26. Qf2 Ke8 27. Qxd4
f6 28. Rg4 Rac8 29. a3 Rd8 30. Qg1 Rc7 31. h5 Kf8 32. Rg6 Rcd7 33. h6 Rxd3 34.
Rxd3 Qxe4 35. Qc5+ Kg8 36. Rxg7+ Kh8 37. Rgd7 1-0

[Event "Championnat de France - Accession"]
[Site "NANCY"]
[Date "2013.08.15"]
[Round "4.8"]
[White "Brailly-Vignal, Bastien"]
[Black "Jolly, Jean-Francois"]
[Result "1-0"]
[WhiteElo "2300"]
[BlackElo "2378"]
[PlyCount "65"]
[EventDate "2013.??.??"]

1. d4 Nf6 2. c4 g6 3. Nc3 d5 4. cxd5 Nxd5 5. e4 Nxc3 6. bxc3 Bg7 7. Bc4 c5 8.
Ne2 O-O 9. O-O Nc6 10. Be3 Bd7 11. Rc1 Qa5 12. f3 Rad8 13. Qc2 b5 14. Bd5 e6
15. Bxc6 Bxc6 16. dxc5 e5 17. Rcd1 Rc8 18. Nc1 Qc7 19. Nd3 a5 20. a4 Rfd8 21.
axb5 Bxb5 22. c4 Bc6 23. Rf2 f5 24. exf5 gxf5 25. Rfd2 f4 26. Bf2 e4 27. Nxf4
Rxd2 28. Qxd2 exf3 29. Nd5 Qf7 30. Qg5 Re8 31. gxf3 Qxf3 32. Rf1 Kh8 33. Qxg7+
1-0

[Event "Championnat de France - Accession"]
[Site "NANCY"]
[Date "2013.08.15"]
[Round "4.9"]
[White "Crut, Aurelien"]
[Black "Castro, John"]
[Result "1-0"]
[WhiteElo "2373"]
[BlackElo "2210"]
[PlyCount "49"]
[EventDate "2013.??.??"]

1. e4 c5 2. Nf3 Nc6 3. Bb5 e5 4. O-O Bd6 5. c3 Nge7 6. d4 cxd4 7. cxd4 exd4 8.
Nxd4 a6 9. Bc4 Qc7 10. h3 Nxd4 11. Qxd4 O-O 12. Nc3 Be5 13. Qd3 b5 14. Bb3 Bb7
15. Bg5 Bxc3 16. bxc3 Ng6 17. Rad1 Ne5 18. Qg3 d6 19. f4 Nc4 20. Bf6 g6 21. Qh4
h5 22. f5 Rae8 23. Rf4 d5 24. Qg5 Kh7 25. Rh4 1-0

[Event "Championnat de France - Accession"]
[Site "NANCY"]
[Date "2013.08.15"]
[Round "4.10"]
[White "Favarel, Antoine"]
[Black "Schweitzer, Viktoriya"]
[Result "1-0"]
[WhiteElo "2363"]
[BlackElo "2199"]
[PlyCount "71"]
[EventDate "2013.??.??"]

1. d4 Nf6 2. c4 g6 3. g3 Bg7 4. Bg2 d6 5. Nc3 O-O 6. Nf3 Nc6 7. O-O Bf5 8. Ne1
Qd7 9. e4 Bh3 10. f3 Bxg2 11. Kxg2 e5 12. d5 Ne7 13. Be3 b6 14. Nd3 Ne8 15. b4
f5 16. Qd2 Nf6 17. c5 fxe4 18. fxe4 c6 19. dxc6 Qxc6 20. b5 Qd7 21. c6 Qe6 22.
Bg5 Qc4 23. Nb2 Qb4 24. a3 Qb3 25. Bxf6 Rxf6 26. Nd5 Nxd5 27. Qxd5+ Qxd5 28.
exd5 Kf7 29. Nc4 Ke7 30. Rxf6 Bxf6 31. a4 Rc8 32. Rf1 Bg7 33. Rf7+ Kxf7 34.
Nxd6+ Ke7 35. Nxc8+ Kd8 36. Nd6 1-0

[Event "Championnat de France - Accession"]
[Site "NANCY"]
[Date "2013.08.16"]
[Round "5.1"]
[White "Chabanon, Jean-Luc"]
[Black "Dionisi, Thomas"]
[Result "1-0"]
[WhiteElo "2473"]
[BlackElo "2316"]
[PlyCount "87"]
[EventDate "2013.??.??"]

1. d4 f5 2. g3 Nf6 3. Bg2 g6 4. Nf3 Bg7 5. O-O O-O 6. c4 d6 7. Nc3 c6 8. b3 Qa5
9. Bb2 e5 10. dxe5 dxe5 11. e4 Na6 12. a3 Qc7 13. b4 f4 14. c5 Be6 15. Qc2 Kh8
16. Ne2 Nh5 17. Rad1 Rae8 18. Rd6 Bc8 19. Nc1 Bg4 20. Nd3 Bxf3 21. Bxf3 fxg3
22. fxg3 Qe7 23. Qd1 Nf6 24. Nxe5 Nc7 25. Nd7 Nxd7 26. Bxg7+ Qxg7 27. Rxd7 Re7
28. Rxe7 Qxe7 29. Qd6 Re8 30. a4 Qg7 31. Be2 Ne6 32. Bc4 Ng5 33. e5 Ne4 34. Qd4
Qxe5 35. Rf8+ Kg7 36. Rf7+ Kg8 37. Rf8+ Kg7 38. Qd7+ Re7 39. Rf7+ Rxf7 40.
Qxf7+ Kh6 41. Qf8+ Kg5 42. h4+ Kg4 43. Be2+ Kh3 44. Qf1+ 1-0

[Event "Championnat de France - Accession"]
[Site "NANCY"]
[Date "2013.08.16"]
[Round "5.2"]
[White "Lagarde, Maxime"]
[Black "Crut, Aurelien"]
[Result "1/2-1/2"]
[WhiteElo "2526"]
[BlackElo "2373"]
[Annotator "Rivier,Sylvain"]
[PlyCount "60"]
[EventDate "2013.??.??"]

1. d4 d5 2. c4 e6 3. Nc3 c6 4. e4 Bb4 5. e5 c5 6. a3 Bxc3+ 7. bxc3 Ne7 8. Nf3
Nbc6 9. dxc5 Qa5 10. Qb3 Qxc5 11. Qb5 Qxb5 12. cxb5 Na5 13. a4 Bd7 14. Ba3 Rc8
15. Bb4 Nc4 16. Bxc4 Rxc4 17. Kd2 Ng6 18. Nd4 f6 19. exf6 gxf6 20. Nb3 Rg4 21.
g3 Ne5 22. Ke2 h5 23. h3 Rgg8 24. Rhe1 Kf7 25. Nc5 Bc8 26. a5 Nc4 27. b6 axb6
28. axb6 Nxb6 29. Ra7 e5 30. Nxb7 Bf5 {suite illisible} 1/2-1/2

[Event "Championnat de France - Accession"]
[Site "NANCY"]
[Date "2013.08.16"]
[Round "5.3"]
[White "Favarel, Antoine"]
[Black "Marzolo, Cyril"]
[Result "0-1"]
[WhiteElo "2363"]
[BlackElo "2449"]
[PlyCount "82"]
[EventDate "2013.??.??"]

1. d4 Nf6 2. c4 g6 3. g3 Bg7 4. Bg2 c5 5. Nf3 cxd4 6. Nxd4 d5 7. Nc2 e6 8. Nc3
O-O 9. O-O Nc6 10. cxd5 Nxd5 11. Nxd5 exd5 12. Qxd5 Qb6 13. Qb3 Qxb3 14. axb3
Be6 15. b4 a6 16. Be3 Bxb2 17. Rab1 Bg7 18. b5 axb5 19. Rxb5 Ra2 20. Bxc6 bxc6
21. Rc5 Rc8 22. Nb4 Rxe2 23. Nxc6 Re8 24. h4 Bh3 25. Rd1 h5 26. Rd8 Rxd8 27.
Nxd8 Bf5 28. Rc1 Bb2 29. Rd1 Bc2 30. Rd2 Re1+ 31. Kg2 Be4+ 32. f3 Rxe3 33. fxe4
Be5 34. Rd7 Rxg3+ 35. Kf2 Rg4 36. Rxf7 Rxe4 37. Rd7 Bf6 38. Kf3 Rxh4 39. Nf7
Kf8 40. Nd6 Bg5 41. Ne4 Rf4+ 0-1

[Event "Championnat de France - Accession"]
[Site "NANCY"]
[Date "2013.08.16"]
[Round "5.4"]
[White "Navrotescu, Catalin"]
[Black "Battaglini, Gabriel"]
[Result "1/2-1/2"]
[WhiteElo "2363"]
[BlackElo "2438"]
[Annotator "Rivier,Sylvain"]
[PlyCount "40"]
[EventDate "2013.??.??"]

1. c4 Nf6 2. g3 c5 3. Bg2 e5 4. Nc3 d6 5. Nf3 g6 6. O-O Bg7 7. a3 Nc6 8. b4 O-O
9. bxc5 dxc5 10. Rb1 h6 11. d3 Re8 12. Ne1 e4 13. Bd2 Ne5 14. Bf4 exd3 15. Nxd3
Nxc4 16. Nxc5 Qa5 17. Nb5 Bf8 18. Nxb7 Qb6 19. Bc7 Qe6 20. Nd4 Qd7 {suite
illisible} 1/2-1/2

[Event "Championnat de France - Accession"]
[Site "NANCY"]
[Date "2013.08.16"]
[Round "5.5"]
[White "Mullon, Jean-Baptiste"]
[Black "Barbot, Pierre"]
[Result "1/2-1/2"]
[WhiteElo "2411"]
[BlackElo "2360"]
[PlyCount "87"]
[EventDate "2013.??.??"]

1. e4 c5 2. Nc3 Nc6 3. Nf3 d6 4. Bb5 e5 5. d3 Be7 6. a3 Nf6 7. Nd2 Bg4 8. f3
Be6 9. Nf1 a6 10. Bc4 d5 11. exd5 Nxd5 12. Nxd5 Bxd5 13. Ne3 Bxc4 14. dxc4
Qxd1+ 15. Kxd1 O-O-O+ 16. Ke2 Nd4+ 17. Kf2 Bg5 18. Nd5 Bh4+ 19. g3 Nxc2 20. Ra2
Bf6 21. b4 Nd4 22. bxc5 Rhe8 23. Bd2 Nc6 24. Be3 Be7 25. Rb1 Na5 26. Rc2 Kb8
27. Nb4 Kc7 28. Nd5+ Kb8 29. f4 f6 30. fxe5 fxe5 31. Ke2 Rd7 32. Nb4 Kc7 33.
Nd5+ Kb8 34. Nb4 Kc7 35. Nd3 Nc6 36. Rcb2 Kc8 37. Rb6 Bd8 38. R6b2 Nd4+ 39.
Bxd4 exd4+ 40. Kf2 Rf7+ 41. Kg2 Re3 42. Nb4 Rc3 43. c6 Rxc4 44. cxb7+ 1/2-1/2

[Event "Championnat de France - Accession"]
[Site "NANCY"]
[Date "2013.08.16"]
[Round "5.6"]
[White "Di Nicolantonio, Lucas"]
[Black "Shirazi, Kamran"]
[Result "0-1"]
[WhiteElo "2310"]
[BlackElo "2406"]
[Annotator "Rivier,Sylvain"]
[PlyCount "70"]
[EventDate "2013.??.??"]

1. e4 e6 2. d4 b6 3. Bd3 Bb7 4. Nf3 Nf6 5. Qe2 d5 6. e5 Nfd7 7. c3 Qc8 8. O-O
Ba6 9. Ne1 c5 10. Be3 Bxd3 11. Nxd3 Nc6 12. Nf4 Qb7 13. Nd2 Be7 14. Qg4 g6 15.
h4 O-O-O 16. Nh3 h6 17. h5 Rdg8 18. f4 gxh5 19. Qxh5 f5 20. Qe2 Rg4 21. Kh1
Rhg8 22. Rg1 Kb8 23. a4 cxd4 24. cxd4 Nb4 25. a5 b5 26. Nb3 a6 27. Rac1 Rg3 28.
Nd2 Nc6 29. Bf2 R3g4 30. Qe3 Ka8 31. Rc2 Nb4 32. Rc3 Rc8 33. Rxc8+ Qxc8 34. Rc1
Qb7 35. Be1 Nc6 {suite illisible} 0-1

[Event "Championnat de France - Accession"]
[Site "NANCY"]
[Date "2013.08.16"]
[Round "5.7"]
[White "Loiseau, Quentin"]
[Black "Brailly-Vignal, Bastien"]
[Result "1/2-1/2"]
[WhiteElo "2388"]
[BlackElo "2300"]
[PlyCount "66"]
[EventDate "2013.??.??"]

1. d4 Nf6 2. Nf3 e6 3. c4 Bb4+ 4. Bd2 a5 5. g3 d6 6. Bg2 Nc6 7. O-O e5 8. Bg5
exd4 9. Nxd4 Ne5 10. a3 Bc5 11. Nc3 O-O 12. Nd5 Nxc4 13. b4 axb4 14. axb4 Rxa1
15. Qxa1 Bxd4 16. Qxd4 Ne5 17. Rc1 c6 18. Nxf6+ gxf6 19. Bh6 Re8 20. Rd1 d5 21.
h3 Qe7 22. Kh2 Qe6 23. f4 Nd7 24. Rf1 Qxe2 25. f5 Ne5 26. Qh4 Qxf1 27. Qxf6
Nf3+ 28. Bxf3 Re2+ 29. Bxe2 Qxe2+ 30. Kg1 Qe1+ 31. Kg2 Qe2+ 32. Kg1 Qe1+ 33.
Kg2 Qe2+ 1/2-1/2

[Event "Championnat de France - Accession"]
[Site "NANCY"]
[Date "2013.08.16"]
[Round "5.8"]
[White "Velten, Paul"]
[Black "Ider, Borya"]
[Result "1-0"]
[WhiteElo "2430"]
[BlackElo "2388"]
[PlyCount "65"]
[EventDate "2013.??.??"]

1. Nf3 Nf6 2. d4 e6 3. Bg5 d5 4. e3 Nbd7 5. c4 Be7 6. Nbd2 c5 7. cxd5 Nxd5 8.
Bxe7 Nxe7 9. dxc5 Nxc5 10. Qc2 Nd7 11. O-O-O Nc6 12. Bb5 O-O 13. Bxc6 bxc6 14.
Nc4 Qc7 15. Ng5 Nf6 16. f4 Ba6 17. Ne5 g6 18. e4 Rab8 19. Rhe1 Rb5 20. Kb1 Rfb8
21. b3 Rxe5 22. fxe5 Nd7 23. Rd6 Nxe5 24. Rdd1 Nc4 25. Qc3 Qe7 26. Nf3 Na3+ 27.
Ka1 Nb5 28. Qb2 Qb4 29. Ne5 Nc3 30. Nxc6 Nxd1 31. Rxd1 Qb6 32. Nxb8 Qxb8 33.
Qf6 1-0

[Event "Championnat de France - Accession"]
[Site "NANCY"]
[Date "2013.08.16"]
[Round "5.9"]
[White "Roser, Kevin"]
[Black "Lamard, Guillaume"]
[Result "1-0"]
[WhiteElo "2413"]
[BlackElo "2316"]
[PlyCount "109"]
[EventDate "2013.??.??"]

1. e4 e5 2. Nf3 Nc6 3. Bb5 a6 4. Ba4 Nf6 5. O-O Be7 6. Re1 b5 7. Bb3 d6 8. c3
O-O 9. h3 Nb8 10. d4 Nbd7 11. Nbd2 Bb7 12. Bc2 Re8 13. Nf1 Bf8 14. Ng3 g6 15.
a4 Bg7 16. Bd3 c6 17. Bg5 Qc7 18. Qd2 Nf8 19. b4 Ne6 20. Be3 Nd7 21. Red1 Nb6
22. a5 Nd7 23. Rac1 d5 24. exd5 cxd5 25. dxe5 Nxe5 26. Nxe5 Bxe5 27. Ne2 Qe7
28. Nd4 Qf6 29. Bf1 Rac8 30. g3 Rc7 31. Bg2 Rec8 32. Ne2 h5 33. h4 Ba8 34. Bb6
Rd7 35. Be3 Rc4 36. Nd4 Rdc7 37. Ne2 Bb7 38. Bb6 Rd7 39. Nd4 Kh7 40. Qe3 Bxd4
41. Bxd4 Nxd4 42. Rxd4 Rdc7 43. Rxc4 dxc4 44. Qb6 Qxb6 45. axb6 Re7 46. Ra1 Bc8
47. Rd1 Bb7 48. Rd8 Bxg2 49. Kxg2 Rb7 50. Rd6 Kg7 51. Kf3 Re7 52. Rc6 Re8 53.
Kf4 Ra8 54. Ke4 Rf8 55. b7 1-0

[Event "Championnat de France - Accession"]
[Site "NANCY"]
[Date "2013.08.16"]
[Round "5.10"]
[White "Lazarev, Vladimir"]
[Black "Jolly, Jean-Francois"]
[Result "1-0"]
[WhiteElo "2410"]
[BlackElo "2378"]
[PlyCount "67"]
[EventDate "2013.??.??"]

1. d4 Nf6 2. c4 g6 3. Nc3 d5 4. cxd5 Nxd5 5. Na4 Bg7 6. e4 Nb6 7. Be3 O-O 8.
Nf3 Nxa4 9. Qxa4 Nd7 10. Rd1 Nb6 11. Qc2 c6 12. Be2 h6 13. O-O Be6 14. b3 a5
15. Ne5 a4 16. Nd3 axb3 17. axb3 Bc8 18. Qc1 Bxd4 19. Bxh6 Bg7 20. Bxg7 Kxg7
21. Qc3+ Kg8 22. h4 Qd6 23. h5 gxh5 24. Bxh5 Qh6 25. Be2 Ra2 26. Nc1 Ra8 27.
Qc5 Nd7 28. Qxe7 Nf6 29. Rd3 Re8 30. Rg3+ Kh8 31. Qxf7 Be6 32. Qxb7 Nxe4 33.
Re3 Nxf2 34. Qxc6 1-0

[Event "Championnat de France - Accession"]
[Site "NANCY"]
[Date "2013.08.18"]
[Round "6.1"]
[White "Marzolo, Cyril"]
[Black "Chabanon, Jean-Luc"]
[Result "1/2-1/2"]
[WhiteElo "2449"]
[BlackElo "2473"]
[PlyCount "70"]
[EventDate "2013.??.??"]

1. c4 e6 2. Nf3 d5 3. e3 Nf6 4. b3 Be7 5. Bb2 O-O 6. Be2 c5 7. O-O Nc6 8. d4
dxc4 9. bxc4 cxd4 10. exd4 b6 11. Nbd2 Bb7 12. Rc1 Rc8 13. Bd3 Rc7 14. Qe2 Qe8
15. d5 Nb4 16. Ng5 Nxd3 17. Qxd3 h6 18. d6 Qd8 19. Bxf6 hxg5 20. Bxe7 Rxe7 21.
Nb3 Rd7 22. Rfd1 Qa8 23. Qg3 Rfd8 24. Qxg5 Rxd6 25. Rxd6 Rxd6 26. c5 Rd5 27.
Qe3 Qd8 28. f3 Rd1+ 29. Rxd1 Qxd1+ 30. Kf2 Qc2+ 31. Kg3 Qg6+ 32. Kf2 Qc2+ 33.
Kg3 Qg6+ 34. Kf2 Qc2+ 35. Kg3 Qg6+ 1/2-1/2

[Event "Championnat de France - Accession"]
[Site "NANCY"]
[Date "2013.08.18"]
[Round "6.2"]
[White "Loiseau, Quentin"]
[Black "Lagarde, Maxime"]
[Result "0-1"]
[WhiteElo "2388"]
[BlackElo "2526"]
[PlyCount "54"]
[EventDate "2013.??.??"]

1. d4 Nf6 2. c4 g6 3. Nc3 Bg7 4. e4 d6 5. Nf3 O-O 6. Be2 Nbd7 7. O-O e5 8. Be3
Qe7 9. d5 Ng4 10. Bg5 f6 11. Bh4 Nh6 12. Ne1 g5 13. Bg3 f5 14. exf5 Nf6 15. Qd2
Nxf5 16. Qxg5 Nxd5 17. Qxe7 Ndxe7 18. Nc2 c6 19. Rad1 Be6 20. Rfe1 Rad8 21. Bg4
Bxc4 22. b3 Bf7 23. Ne4 Bg6 24. Re2 h5 25. Bxf5 Nxf5 26. f3 Rfe8 27. Bf2 c5 0-1

[Event "Championnat de France - Accession"]
[Site "NANCY"]
[Date "2013.08.18"]
[Round "6.3"]
[White "Battaglini, Gabriel"]
[Black "Di Nicolantonio, Lucas"]
[Result "0-1"]
[WhiteElo "2438"]
[BlackElo "2310"]
[PlyCount "48"]
[EventDate "2013.??.??"]

1. d4 d5 2. c4 e6 3. Nc3 c6 4. Nf3 Nf6 5. Bg5 h6 6. Bh4 dxc4 7. e4 g5 8. Bg3 b5
9. Be2 Bb7 10. O-O Nbd7 11. Ne5 h5 12. Nxd7 Qxd7 13. e5 h4 14. exf6 hxg3 15.
hxg3 O-O-O 16. a4 b4 17. Ne4 Qd5 18. f3 g4 19. Re1 Qxd4+ 20. Qxd4 Rxd4 21. Bd1
Rxe4 22. Rxe4 Bc5+ 23. Kf1 Ba6 24. Ke1 c3 0-1

[Event "Championnat de France - Accession"]
[Site "NANCY"]
[Date "2013.08.18"]
[Round "6.4"]
[White "Crut, Aurelien"]
[Black "Velten, Paul"]
[Result "0-1"]
[WhiteElo "2373"]
[BlackElo "2430"]
[Annotator "Rivier,Sylvain"]
[PlyCount "121"]
[EventDate "2013.??.??"]

1. e4 e6 2. d4 d5 3. exd5 exd5 4. c4 Bb4+ 5. Nc3 Nf6 6. Bd3 Be6 7. c5 O-O 8.
Nge2 b6 9. cxb6 axb6 10. O-O Bd6 11. Bf4 c5 12. Qd2 Nc6 13. Bxd6 Qxd6 14. h3 c4
15. Bc2 Bd7 16. Rad1 Rfb8 17. Ba4 Nd8 18. Bxd7 Qxd7 19. a4 Ne6 20. Rfe1 Nc7 21.
Qg5 b5 22. axb5 Nxb5 23. Ng3 h6 24. Qf4 Nc7 25. Nf5 Ne6 26. Qe5 Kh7 27. Re3 Nf8
28. Ne7 Ng6 29. Nxg6 fxg6 30. Rd2 Re8 31. Qg3 Rxe3 32. Qxe3 Re8 33. Qf3 Re1+
34. Kh2 Qd6+ 35. g3 Ne4 36. Re2 Ng5 37. Qf4 Qxf4 38. gxf4 Rxe2 39. Nxe2 Ne4 40.
Kg2 Kg8 41. Kf3 Kf7 42. Nc3 Nf6 43. Nb5 Ke6 44. Nc7+ Kd6 45. Nb5+ Kc6 46. Nc3
Ne8 47. f5 g5 48. Kg4 Nf6+ 49. Kf3 h5 50. Kg2 Ne8 51. f4 Nd6 52. fxg5 Nxf5 53.
Ne2 Kd6 54. Kf3 Ne7 55. Nc3 g6 56. Ne2 Nf5 57. Kf4 Kd7 58. Kf3 Ne7 59. Kf4 Nc6
60. Kf3 Nb4 61. Nf4 {suite illisible} 0-1